[Event "Tarbes"]
[Site "?"]
[Date "2003.??.??"]
[Round "1"]
[White "Chassy, Philippe"]
[Black "Natale, Bruno"]
[Result "1-0"]
[WhiteElo "2121"]
[BlackElo "1790"]
[PlyCount "84"]

1.d4 Nf6 2.Nf3 g6 3.e3 Bg7 4.Bd3 O-O 5.O-O b6 6.c4 c5 7.d5 d6 8.Nc3 Nbd7 
9.h3 e6 10.dxe6 fxe6 11.Qc2 Qe7 12.e4 Bb7 13.Bg5 Rad8 14.Rad1 a6 15.Rfe1 
Qf7 16.Bh4 Nb8 17.Na4 Nc6 18.a3 Qc7 19.Qb3 b5 20.cxb5 axb5 21.Qxe6+ Kh8 
22.Bxb5 Qa5 23.Bxc6 Bxc6 24.Nc3 Rb8 25.Qxd6 Rxb2 26.Qxc6 Qxc3 27.e5 Ng8 
28.Re3 Qc4 29.Bg3 Qc2 30.Rde1 Ne7 31.Qe4 Rc8 32.Qxc2 Rxc2 33.R3e2 Rxe2 34.
Rxe2 Nf5 35.Bf4 c4 36.g4 Ne7 37.Bc1 c3 38.Rc2 Nd5 39.Kf1 Bf8 40.Ke2 h5 41.
Kd3 Bc5 42.Ke4 Nb6 1-0

[Event "N3"]
[Site "?"]
[Date "2003.??.??"]
[Round "8"]
[White "Ruiz-Pacheco, Rosalia"]
[Black "Cwiek, Perrine"]
[Result "0-1"]
[WhiteElo "1250"]
[BlackElo "1670"]
[EventDate "2003.??.??"]
[Annotator "Montpellier/Tournefeuille"]
[PlyCount "70"]

1.e4 e5 2.Nf3 Nc6 3.Nc3 Nf6 4.Bc4 Bb4 5.d3 O-O 6.a3 Ba5 7.O-O d6 8.b4 Bb6 
9.Bg5 Be6 10.Na4 Bxc4 11.Nxb6 Bxd3 12.Nxa8 Bxf1 13.Kxf1 Qxa8 14.Bxf6 gxf6 
15.c3 Kh8 16.Nh4 Rg8 17.Qf3 Qd8 18.Rd1 Qe7 19.Nf5 Qf8 20.Qh3 Ne7 21.Rd3 
Nxf5 22.Qxf5 Qh6 23.Ke2 Rxg2 24.Rh3 Qg6 25.Qc8+ Qg8 26.Qxc7 Qg4+ 27.Rf3 
Qxe4+ 28.Re3 Qc2+ 29.Kf3 Qxf2+ 30.Ke4 Rg4+ 31.Kd3 Qf5+ 32.Kd2 Rg2+ 33.Re2 
Qf4+ 34.Kd1 Qf1+ 35.Re1 Qd3+ 0-1

[Event "N3"]
[Site "?"]
[Date "2003.??.??"]
[Round "8"]
[White "Rollot, Jean-Louis"]
[Black "Sakri, Abdelhak"]
[Result "0-1"]
[WhiteElo "1870"]
[BlackElo "2020"]
[EventDate "2003.??.??"]
[Annotator "Carcassone/ET"]
[PlyCount "80"]

1.e4 c6 2.d4 d5 3.exd5 cxd5 4.c4 Nf6 5.Nc3 e6 6.Nf3 Nc6 7.Be2 Be7 8.O-O 
dxc4 9.Bxc4 O-O 10.Re1 Qc7 11.Nb5 Qb6 12.Ne5 a6 13.Nc3 Rd8 14.d5 Nxe5 15.
Rxe5 Qc7 16.Qe2 Bd6 17.Re3 Bxh2+ 18.Kh1 Bf4 19.dxe6 fxe6 20.Bxe6+ Kh8 21.
Bxc8 Raxc8 22.Re7 Qd6 23.Bxf4 Qxf4 24.g3 Qh6+ 25.Kg2 Qd2 26.Rxb7 Qxe2 27.
Nxe2 Rc2 28.Nc3 h5 29.Rd1 Rf8 30.Rf1 Ng4 31.Nd1 Kg8 32.Kg1 Re8 33.Nc3 Ne5 
34.Rb6 Rf8 35.f4 Nd3 36.Rd1 Re8 37.Rf1 Nxb2 38.Nd5 Ree2 39.Rb8+ Kh7 40.
Nf6+ gxf6 0-1

[Event "N3"]
[Site "?"]
[Date "2003.??.??"]
[Round "8"]
[White "Rich, Philippe"]
[Black "Garcia, Ludovic"]
[Result "1-0"]
[WhiteElo "1900"]
[BlackElo "1680"]
[EventDate "2003.??.??"]
[Annotator "Tournefeuille/Montpellier"]
[PlyCount "109"]

1.d4 d5 2.c4 Nf6 3.cxd5 Nxd5 4.e4 Nb6 5.Nc3 c6 6.Bf4 e6 7.Nf3 Bd6 8.Qd2 h6
9.Be2 Qc7 10.Ne5 N8d7 11.Rd1 Nxe5 12.dxe5 Be7 13.O-O Bd7 14.Qc2 O-O-O 15.
Na4 Bg5 16.Nxb6+ axb6 17.Bg3 h5 18.f4 h4 19.Be1 Be7 20.Rf3 Rhf8 21.Qa4 g5 
22.Qa8+ Qb8 23.Qxb8+ Kxb8 24.fxg5 Bxg5 25.Rh3 Bf4 26.Bxh4 Bxe5 27.Bg3 Bxg3
28.Rxg3 Kc7 29.Rg7 b5 30.h4 Be8 31.Rxd8 Kxd8 32.h5 Rh8 33.g4 Ke7 34.g5 b6 
35.h6 Kf8 36.e5 c5 37.Kf2 b4 38.b3 Ke7 39.Bd3 b5 40.Ke3 Kf8 41.Kf4 Ke7 42.
Ke3 Kf8 43.Kd2 Ke7 44.Kc1 Kf8 45.Kb2 Ke7 46.a3 bxa3+ 47.Kxa3 b4+ 48.Kb2 
Kf8 49.Kc2 Bc6 50.Bc4 Be4+ 51.Kd2 Rh7 52.Rxh7 Bxh7 53.Bd3 Bf5 54.Bxf5 exf5
55.g6 1-0

[Event "N3"]
[Site "?"]
[Date "2003.??.??"]
[Round "8"]
[White "Py, Jean"]
[Black "Genestous, Patrick"]
[Result "0-1"]
[WhiteElo "2165"]
[BlackElo "2110"]
[EventDate "2003.??.??"]
[Annotator "Montpellier/Tournefeuille"]
[PlyCount "114"]

1.d4 d5 2.Nf3 e6 3.Bf4 Bd6 4.Bxd6 cxd6 5.e3 Nf6 6.Be2 O-O 7.O-O b6 8.a4 
Nc6 9.c3 Bb7 10.Nbd2 Rc8 11.Nb3 a6 12.Nfd2 Ne7 13.Bd3 Rc7 14.Qe2 Qa8 15.f3
Re8 16.Qf2 g6 17.e4 Nh5 18.Rfe1 Kh8 19.e5 Rd7 20.f4 Ng8 21.g4 Ng7 22.Re3 
f5 23.g5 h5 24.gxh6 Nxh6 25.Rh3 Nh5 26.Be2 Rg8 27.Kf1 Ng4 28.Qg1 Rh7 29.
Bxg4 fxg4 30.Qxg4 Nxf4 31.Rxh7+ Kxh7 32.Kg1 Qf8 33.Rf1 g5 34.Nf3 dxe5 35.
Nxe5 Qf5 36.Qxf5+ exf5 37.Nd7 Kg6 38.Nxb6 Re8 39.Nc5 Bc6 40.Nxa6 Nh3+ 41.
Kh1 Re2 42.Nb4 Bb7 43.a5 Rxb2 44.a6 Bxa6 45.Nxa6 Rxb6 46.Nb4 Rd6 47.Re1 
Nf2+ 48.Kg2 Ne4 49.Rc1 f4 50.h3 Kf5 51.Kf3 Rh6 52.Nxd5 Rxh3+ 53.Kg2 Kg4 
54.Rc2 f3+ 55.Kg1 Kg3 56.Ne3 f2+ 57.Kf1 Kf3 0-1

[Event "Condom"]
[Site "?"]
[Date "2003.??.??"]
[Round "7.50"]
[White "Bouthier, Jacqus"]
[Black "Verges, Jean"]
[Result "1-0"]
[WhiteElo "2054"]
[BlackElo "1630"]
[EventDate "2003.??.??"]
[PlyCount "39"]

1.e4 c5 2.Nf3 Nc6 3.d4 cxd4 4.Nxd4 Qc7 5.Nc3 e6 6.Be3 a6 7.Qd2 Bb4 8.a3 
Be7 9.O-O-O Nf6 10.Be2 b5 11.f4 d6 12.e5 Nd5 13.Nxd5 exd5 14.exd6 Bxd6 15.
Nxc6 Qxc6 16.Qxd5 Qxd5 17.Rxd5 Ke7 18.Rhd1 Rd8 19.Rxd6 Rxd6 20.Bc5 1-0

[Event "Tarbes"]
[Site "?"]
[Date "2003.??.??"]
[Round "1"]
[White "Auneau, Dominique"]
[Black "Boulogne, Laurent"]
[Result "0-1"]
[WhiteElo "1970"]
[BlackElo "1620"]
[PlyCount "78"]

1.e4 e5 2.Nc3 Nf6 3.f4 d5 4.fxe5 Nxe4 5.Nf3 Bg4 6.d3 Nxc3 7.bxc3 Be7 8.Be2
Nd7 9.d4 O-O 10.O-O f6 11.h3 Be6 12.exf6 Bxf6 13.Ba3 c5 14.Bd3 Re8 15.Rb1 
Qa5 16.Bc1 Qxc3 17.Bb2 Qa5 18.dxc5 Qxc5+ 19.Kh1 d4 20.Bc1 Nb6 21.Rb5 Qd6 
22.Bg5 Bd5 23.Bxf6 Qxf6 24.Nxd4 Qh4 25.Kh2 Rf8 26.Nf5 Qf6 27.Qg4 Rad8 28.
Qg3 Bxa2 29.Ra5 Bc4 30.Rxa7 Bxd3 31.cxd3 Rf7 32.d4 Kh8 33.Rb1 g6 34.Nh6 
Re7 35.Ng4 Qxd4 36.Rxb6 Qxb6 37.Ra3 Qd6 38.Rb3 Qxg3+ 39.Kxg3 Kg7 0-1

[Event "N3"]
[Site "?"]
[Date "2003.??.??"]
[Round "8"]
[White "Petyt, Marcel"]
[Black "Beaurain, Louis"]
[Result "0-1"]
[WhiteElo "1499"]
[BlackElo "1960"]
[EventDate "2003.??.??"]
[Annotator "Perpignan/Condom"]
[PlyCount "74"]

1.e4 e6 2.d4 d5 3.Nc3 Nf6 4.e5 Nfd7 5.Nf3 c5 6.Be3 cxd4 7.Bxd4 Nc6 8.Bb5 
Be7 9.O-O a6 10.Bxc6 bxc6 11.Ne2 Qc7 12.c3 c5 13.Be3 Nxe5 14.Nxe5 Qxe5 15.
Bf4 Qf5 16.Be3 O-O 17.Ng3 Qg6 18.Qe2 Bd7 19.a4 f5 20.f4 Rfb8 21.Qd2 Qe8 
22.Ra2 Bxa4 23.Rfa1 Bb5 24.b4 cxb4 25.cxb4 Bc4 26.Rb2 Qf8 27.Rab1 Rb5 28.
Qe1 Bf6 29.Bc5 Rxc5 30.Qxe6+ Kh8 31.bxc5 Bxb2 32.Rxb2 Re8 33.Qxe8 Qxe8 34.
h3 Qe3+ 35.Kh2 Qxf4 36.c6 Bb5 37.Rc2 Qc7 0-1

[Event "N3"]
[Site "?"]
[Date "2003.??.??"]
[Round "8"]
[White "Miralles, Jose"]
[Black "Benard, Luc"]
[Result "0-1"]
[WhiteElo "1830"]
[BlackElo "1880"]
[EventDate "2003.??.??"]
[Annotator "Beziers/Agen"]
[PlyCount "66"]

1.d4 Nf6 2.g3 d5 3.Bg2 Bf5 4.c4 e6 5.Qb3 Nc6 6.cxd5 exd5 7.Be3 Bxb1 8.Rxb1
Bb4+ 9.Kf1 Rb8 10.Nh3 Ba5 11.Nf4 Ne7 12.Nd3 O-O 13.Qa3 Bb6 14.Bh3 Re8 15.
Nc5 Ng6 16.Na4 c6 17.Nxb6 Qxb6 18.Kg2 Qc7 19.Bf5 Qe7 20.Qd3 Ne4 21.h4 Qf6 
22.Bg4 c5 23.f3 c4 24.Qa3 Nd6 25.Bg5 Qxd4 26.Qxd6 Rxe2+ 27.Kh3 Rbe8 28.
Rbf1 Ne5 29.Bc1 g6 30.f4 Nxg4 31.Kxg4 Qe4 32.h5 Qf5+ 33.Kh4 Qxh5# 0-1

[Event "N3"]
[Site "?"]
[Date "2003.??.??"]
[Round "8"]
[White "Marty, Brice"]
[Black "Mohtaji, Javad"]
[Result "0-1"]
[WhiteElo "1980"]
[BlackElo "2048"]
[EventDate "2003.??.??"]
[Annotator "Cahors/CEIT"]
[PlyCount "56"]

1.e4 c5 2.Nc3 e6 3.f4 Nc6 4.Nf3 a6 5.d3 d6 6.Be2 Qc7 7.O-O Nf6 8.h3 Be7 9.
Be3 b6 10.a3 Bb7 11.Qe1 h5 12.Qg3 g6 13.f5 h4 14.Nxh4 gxf5 15.exf5 O-O-O 
16.fxe6 fxe6 17.Ng6 Rdg8 18.Bg4 Nxg4 19.Qxg4 Ne5 20.Qxe6+ Kb8 21.Nf4 Bg5 
22.Ncd5 Qd8 23.Qf5 Rh4 24.g3 Bc8 25.Ne6 Bxe3+ 26.Nxe3 Rxg3+ 27.Kh2 Rxe3 
28.Rg1 Nf3+ 0-1

[Event "N3"]
[Site "?"]
[Date "2003.??.??"]
[Round "8"]
[White "Marco, Clement"]
[Black "Rieubland, Benjamin"]
[Result "1/2-1/2"]
[WhiteElo "1870"]
[BlackElo "1650"]
[EventDate "2003.??.??"]
[Annotator "Beziers/Agen"]
[PlyCount "96"]

1.e4 e6 2.d4 d5 3.e5 c5 4.c3 Nc6 5.Nf3 Qb6 6.a3 Nge7 7.b4 cxd4 8.cxd4 Nf5 
9.Be3 Be7 10.Nc3 f6 11.Na4 Qd8 12.Qd2 O-O 13.Be2 Bd7 14.Nc5 b6 15.Nxd7 
Qxd7 16.Bb5 a6 17.exf6 Bxf6 18.Ba4 b5 19.Bb3 Nd6 20.O-O Ne4 21.Qd3 Rac8 
22.Rac1 Ne7 23.Nd2 Nxd2 24.Qxd2 Nf5 25.Rc5 Nd6 26.Qd3 Ne4 27.Rc2 Rxc2 28.
Bxc2 Rc8 29.f3 Rc3 30.Qe2 Nd6 31.Re1 Nf7 32.Bb1 Nd8 33.Qd2 Qc8 34.Bg5 Bxg5
35.Qxg5 Qd7 36.Rc1 Rxc1+ 37.Qxc1 Qc6 38.Qe3 Nf7 39.Qf4 Nd6 40.Qe3 Nc4 41.
Qd3 g6 42.h4 Qd6 43.h5 Qg3 44.Qe2 Kf7 45.hxg6+ hxg6 46.Qd3 Qe1+ 47.Kh2 
Qh4+ 48.Kg1 Qe1+ 1/2-1/2

[Event "N3"]
[Site "?"]
[Date "2003.??.??"]
[Round "8"]
[White "Marciniak, Gerard"]
[Black "Francois, Sebastien"]
[Result "1-0"]
[WhiteElo "2149"]
[BlackElo "2114"]
[EventDate "2003.??.??"]
[Annotator "Agen/Beziers"]
[PlyCount "61"]

1.d4 d5 2.c4 c6 3.Nc3 Nf6 4.Nf3 a6 5.e3 e6 6.Qc2 Bd6 7.b3 Nbd7 8.Be2 O-O 
9.Bb2 Qe7 10.Rd1 b5 11.O-O dxc4 12.bxc4 Bb7 13.e4 e5 14.d5 bxc4 15.dxc6 
Bxc6 16.Bxc4 Nb6 17.Bb3 Bb7 {=} 18.Rfe1 Rac8 19.Qd3 Rfd8 20.Nd5 Nbxd5 21.
exd5 Nd7 {=} 22.Qf5 g6 23.Qg4 h5 24.Qg5 Qxg5 25.Nxg5 Re8 26.Ne4 Bb4 27.Re3
f5 28.Ba4 Rcd8 29.Bxd7 Rf8 30.Be6+ Kh7 31.Ng5+ 1-0

[Event "N3"]
[Site "?"]
[Date "2003.??.??"]
[Round "8"]
[White "Levitt, Olivier"]
[Black "Joanez-Benedicto, Virginie"]
[Result "1/2-1/2"]
[WhiteElo "1780"]
[BlackElo "1350"]
[EventDate "2003.??.??"]
[Annotator "CEIT/Cahors"]
[PlyCount "82"]

1.e4 e6 2.d4 d5 3.Nd2 c5 4.c3 Nc6 5.Ne2 Qb6 6.exd5 exd5 7.Nf3 cxd4 8.Nexd4
Nf6 9.Bd3 Bc5 10.Qe2+ Ne7 11.O-O O-O 12.Bf4 a6 13.Bc2 Bg4 14.Nb3 Bd6 15.
Bxd6 Qxd6 16.Nbd4 Rfe8 17.Qd3 Qf4 18.Rfe1 Ng6 19.h3 Bxf3 20.Nxf3 Ne5 21.
Nxe5 Rxe5 22.Qd4 Qxd4 23.cxd4 Rxe1+ 24.Rxe1 Re8 25.Rxe8+ Nxe8 26.Bb3 Nc7 
27.g4 f6 28.f4 g6 29.Kf2 Kf8 30.Kg3 Kg7 31.a4 a5 32.Kf3 Kf7 33.f5 gxf5 34.
gxf5 Ke7 35.Kg4 Kf7 36.h4 Kg7 37.Kh5 b6 38.Bd1 Ne8 39.Bf3 Nc7 40.Kg4 h6 
41.Kf4 Kf7 1/2-1/2

[Event "N3"]
[Site "?"]
[Date "2003.??.??"]
[Round "8"]
[White "Lebouchard, Charles"]
[Black "Baumann, Benjamin"]
[Result "1/2-1/2"]
[WhiteElo "1910"]
[BlackElo "2010"]
[EventDate "2003.??.??"]
[Annotator "Perpignan/Condom"]
[PlyCount "46"]

1.Nf3 Nf6 2.c4 d6 3.d4 c5 4.Nc3 cxd4 5.Nxd4 Nc6 6.e4 g6 7.Be2 Bg7 8.Be3 
O-O 9.Qd2 Ng4 10.Bxg4 Bxg4 11.f3 Be6 12.Nd5 Bxd5 13.exd5 Nxd4 14.Bxd4 Rc8 
15.Bxg7 Kxg7 16.Qd4+ Kg8 17.O-O Qa5 18.a4 Qb4 19.Rfc1 Rc5 20.Qc3 Qxc3 21.
Rxc3 Rfc8 22.Re3 Rxc4 23.Rxe7 R4c7 1/2-1/2

[Event "N3"]
[Site "?"]
[Date "2003.??.??"]
[Round "8"]
[White "Lebon, Joffrey"]
[Black "Alonso, Jean-Marie"]
[Result "1-0"]
[WhiteElo "2055"]
[BlackElo "1750"]
[EventDate "2003.??.??"]
[Annotator "ET/Carcassone"]
[PlyCount "89"]

1.e4 d5 2.exd5 Qxd5 3.d4 Nf6 4.Nf3 Nc6 5.c4 Qh5 6.Be2 Bg4 7.Nc3 e6 8.Be3 
Bb4 9.a3 Bxc3+ 10.bxc3 O-O 11.h3 Rad8 12.Rb1 Bxf3 13.Bxf3 Qa5 14.Bd2 Qxa3 
15.Rxb7 Qa6 16.Rb5 e5 17.d5 e4 18.Be2 Ne5 19.O-O Nd3 20.Bxd3 exd3 21.Qa1 
Qxa1 22.Rxa1 Ne4 23.Rd1 Rb8 24.f3 Rxb5 25.cxb5 Nd6 26.Bf4 Nxb5 27.Rxd3 Nd6
28.c4 Nxc4 29.Bxc7 Nb6 30.d6 Nd7 31.Ra3 f6 32.Rxa7 g6 33.Ba5 Rf7 34.Bd8 
Ne5 35.Be7 Nc6 36.d7 Kg7 37.Rc7 Rxe7 38.d8=Q Nxd8 39.Rxe7+ Kh6 40.Kf2 Nc6 
41.Re6 Nd4 42.Rxf6 Nf5 43.Rf7 Ng7 44.g4 Ne6 45.f4 1-0

[Event "N3"]
[Site "?"]
[Date "2003.??.??"]
[Round "8"]
[White "Le Hetet, Nicolas"]
[Black "Laclau, Daniel"]
[Result "0-1"]
[WhiteElo "2099"]
[BlackElo "2295"]
[EventDate "2003.??.??"]
[Annotator "Agen/Beziers"]
[PlyCount "76"]

1.e4 c5 2.Nf3 e6 3.d4 cxd4 4.Nxd4 a6 5.Be2 Qc7 6.O-O Nf6 7.Nc3 d6 8.Kh1 b5
9.a3 Bb7 10.Qd3 Nbd7 11.Nb3 Ne5 12.Qd4 Be7 13.f4 Nc4 14.Bxc4 bxc4 15.Nd2 
Rc8 16.Nf3 Qc6 17.Re1 O-O 18.h3 Rfd8 19.Qf2 Ba8 20.Rb1 h6 21.Qg3 Kh8 22.
Be3 Nxe4 23.Nxe4 Qxe4 24.Bb6 Qxc2 25.Bxd8 Rxd8 26.Rbc1 Qa4 27.Qf2 Bf6 28.
Qe2 Bd5 29.Nh2 Qb3 30.Nf3 Bxb2 31.Rc2 Bxf3 32.gxf3 c3 33.Qd3 Qxa3 34.Rg1 
Qc5 35.Rcg2 g6 36.Rxg6 fxg6 37.Qxg6 Qxg1+ 38.Qxg1 c2 0-1

[Event "N3"]
[Site "?"]
[Date "2003.??.??"]
[Round "8"]
[White "Khalil, Vincent"]
[Black "Marciniak, Alexandre"]
[Result "0-1"]
[WhiteElo "2123"]
[BlackElo "2170"]
[EventDate "2003.??.??"]
[Annotator "Beziers/Agen"]
[PlyCount "66"]

1.e4 c5 2.Nf3 Nc6 3.d4 cxd4 4.Nxd4 e5 5.Nb3 Bb4+ 6.Bd2 Qh4 7.Bd3 Nf6 8.
Bxb4 Nxb4 9.Nc3 O-O 10.a3 Nxd3+ 11.Qxd3 d5 12.exd5 e4 13.Qg3 Qh5 14.O-O 
Nxd5 15.Nxe4 Bf5 16.Nbd2 Rac8 17.c3 Rc6 18.Qe5 Rh6 19.Rfe1 Nb6 20.Nd6 f6 
21.Qf4 Nd5 22.Qg3 Rg6 23.Qf3 Bg4 24.Qe4 Bh3 25.g3 Bd7 26.c4 Nb6 27.b4 f5 
28.Qf4 Rg4 29.Qe5 Rg6 30.c5 Bc6 31.b5 Qxh2+ 32.Kf1 Nd7 33.Qe7 Rxd6 0-1

[Event "N3"]
[Site "?"]
[Date "2003.??.??"]
[Round "8"]
[White "Juglard, Eric"]
[Black "Betis-Doucet, Carol"]
[Result "1-0"]
[WhiteElo "2186"]
[BlackElo "1850"]
[EventDate "2003.??.??"]
[Annotator "ET/Carcassone"]
[PlyCount "63"]

1.d4 Nf6 2.Nc3 d5 3.Bg5 e6 4.e4 Be7 5.e5 Nfd7 6.h4 c6 7.Nf3 b6 8.Qd2 Ba6 
9.O-O-O Bxf1 10.Rdxf1 h6 11.Bxe7 Qxe7 12.g4 Na6 13.Ne1 Nc7 14.f4 h5 15.Qe2
g6 16.f5 O-O-O 17.fxg6 fxg6 18.Nd3 g5 19.gxh5 gxh4 20.Nf4 Rdf8 21.Qg4 Kb7 
22.Qxh4 Qxh4 23.Rxh4 c5 24.dxc5 bxc5 25.Rg1 Nxe5 26.Rg7 Kc6 27.Rxc7+ Kxc7 
28.Nxe6+ Kd6 29.Nxf8 Rxf8 30.h6 Rf1+ 31.Kd2 Rf8 32.Rh5 1-0

[Event "N3"]
[Site "?"]
[Date "2003.??.??"]
[Round "8"]
[White "Grizou, Regis"]
[Black "Daniilidis, Aris"]
[Result "1/2-1/2"]
[WhiteElo "2195"]
[BlackElo "2317"]
[EventDate "2003.??.??"]
[Annotator "Carcassone/ET"]
[PlyCount "26"]

1.d4 f5 2.g3 Nf6 3.Bg2 g6 4.c4 Bg7 5.Nh3 d6 6.O-O O-O 7.d5 Nbd7 8.Nc3 Ne5 
9.b3 c5 10.Bb2 Rb8 11.Nf4 a6 12.a4 Bd7 13.Qc2 Qc8 1/2-1/2

[Event "N3"]
[Site "?"]
[Date "2003.??.??"]
[Round "8"]
[White "Giordano, Christian"]
[Black "Dumas, Michel"]
[Result "0-1"]
[WhiteElo "2184"]
[BlackElo "2050"]
[EventDate "2003.??.??"]
[Annotator "Beziers/Agen"]
[PlyCount "108"]

1.d4 d5 2.c4 c6 3.Nc3 Nf6 4.e3 e6 5.Nf3 Nbd7 6.Bd3 dxc4 7.Bxc4 b5 8.Bd3 a6
9.e4 c5 10.d5 e5 11.O-O Bd6 12.b3 O-O 13.Bg5 Re8 14.Rc1 h6 15.Bh4 Nf8 16.
h3 Ng6 17.Bg3 Nh5 18.Ne2 Nhf4 19.Bxf4 exf4 20.Nc3 Qf6 21.Re1 Ne5 22.Nxe5 
Bxe5 23.Nb1 Bxh3 24.Qf3 Bd7 25.Be2 Bd4 26.Nd2 Re5 27.b4 Rg5 28.bxc5 Rg3 
29.e5 Qg6 30.Qh5 Rxg2+ 31.Kh1 Bxf2 32.Qxg6 Rxg6 33.c6 Bxc6 34.dxc6 Bxe1 
35.Rxe1 Rc8 36.Bf3 Rc7 37.Nb3 Rcxc6 38.Bxc6 Rxc6 39.Nd4 Rc4 40.Rd1 g5 41.
Nf5 h5 42.Rd7 g4 43.Nh6+ Kg7 44.Nxf7 Kg6 45.e6 Rc1+ 46.Kg2 f3+ 47.Kg3 Rg1+
48.Kf2 Rg2+ 49.Kf1 Re2 50.Nd8 g3 51.Rd1 Kf6 52.Nc6 Rh2 53.Kg1 f2+ 54.Kf1 
Rh1+ 0-1

[Event "N3"]
[Site "?"]
[Date "2003.??.??"]
[Round "8"]
[White "Garrel, Alain"]
[Black "Lenfant, Francois"]
[Result "1/2-1/2"]
[WhiteElo "2153"]
[BlackElo "2106"]
[EventDate "2003.??.??"]
[Annotator "Tournefeuille/Montpellier"]
[PlyCount "49"]

1.d4 d5 2.Nf3 c6 3.c4 Nf6 4.cxd5 cxd5 5.Nc3 Nc6 6.Bf4 a6 7.Rc1 Bf5 8.e3 e6
9.Be2 Bd6 10.Bxd6 Qxd6 11.O-O O-O 12.Nh4 Be4 13.f3 Bf5 14.g4 Bg6 15.f4 Be4
16.g5 Nd7 17.Nxe4 dxe4 18.a3 Rac8 19.Bc4 Nb6 20.Ba2 Nd5 21.Qd2 Nce7 22.f5 
exf5 23.Nxf5 Nxf5 24.Rxf5 Ne7 25.Rfc5 1/2-1/2

[Event "N3"]
[Site "?"]
[Date "2003.??.??"]
[Round "8"]
[White "Dumont, Gilles"]
[Black "Hasbi, Nabil"]
[Result "0-1"]
[WhiteElo "1900"]
[BlackElo "1950"]
[EventDate "2003.??.??"]
[Annotator "Agen/Beziers"]
[PlyCount "58"]

1.e4 c5 2.Nf3 e6 3.d4 cxd4 4.Nxd4 Nc6 5.c4 Qc7 6.Nc3 a6 7.a3 Nf6 8.Be3 Be7
9.Be2 O-O 10.O-O d6 11.Rc1 Nxd4 12.Bxd4 Bd7 13.f4 e5 14.Be3 exf4 15.Rxf4 
Bc6 16.Nd5 Bxd5 17.exd5 Nd7 18.Bd3 Ne5 19.Bd4 Bg5 20.Bxh7+ Kxh7 21.Qh5+ 
Bh6 22.Rh4 Kg8 23.Rc3 Qe7 24.Be3 Ng6 25.Rh3 Nf4 26.Qf3 Nxh3+ 27.Qxh3 Rae8 
28.Kf2 Bxe3+ 29.Rxe3 Qxe3+ 0-1

[Event "N3"]
[Site "?"]
[Date "2003.??.??"]
[Round "8"]
[White "Ducret, Thomas"]
[Black "Llapasset, Jean-Louis"]
[Result "1/2-1/2"]
[WhiteElo "2202"]
[BlackElo "2150"]
[EventDate "2003.??.??"]
[Annotator "Condom/Perpignan"]
[PlyCount "71"]

1.Nf3 d5 2.d4 Nf6 3.c4 e6 4.Nc3 Be7 5.Bg5 h6 6.Bh4 O-O 7.e3 b6 8.Be2 Bb7 
9.Bxf6 Bxf6 10.cxd5 exd5 11.b4 c6 12.O-O Re8 13.Qb3 a6 14.a4 Qd6 15.a5 b5 
16.Na2 Bc8 17.Nc1 Bf5 18.Nd3 Nd7 19.Rfc1 g5 20.Qc3 Rac8 21.Nfe1 Be7 22.Nc5
Nxc5 23.bxc5 Qe6 24.Bd3 Bd8 25.Bxf5 Qxf5 26.Qd3 Qe6 27.Nc2 Rc7 28.Nb4 Qc8 
29.Re1 Rce7 30.f3 g4 31.e4 gxf3 32.gxf3 Qh3 33.e5 Re6 34.Kh1 Kh8 35.Rg1 
Rg8 36.Rxg8+ 1/2-1/2

[Event "N3"]
[Site "?"]
[Date "2003.??.??"]
[Round "8"]
[White "Dos Santos, Pascal"]
[Black "Von Flue, Erwin"]
[Result "1/2-1/2"]
[WhiteElo "1670"]
[BlackElo "1860"]
[EventDate "2003.??.??"]
[Annotator "Agen/Beziers"]
[PlyCount "80"]

1.f4 c5 2.Nf3 Nc6 3.e3 g6 4.Nc3 Bg7 5.b3 d5 6.Bb2 e6 7.Na4 Bxb2 8.Nxb2 Nf6
9.Be2 b6 10.O-O Bb7 11.Nd3 O-O 12.Nde5 d4 13.Nxc6 Bxc6 14.Ne5 Bd5 15.Bf3 
dxe3 16.dxe3 Qc7 17.c4 Bxf3 18.Qxf3 Rad8 19.Rad1 Kg7 20.g4 Rxd1 21.Rxd1 
Rd8 22.Rxd8 Qxd8 23.g5 Ng8 24.Qe2 f6 25.Nf3 h6 26.h4 Kf7 27.gxf6 Qxf6 28.
Qd2 Qe7 29.Qd3 Qf6 30.Qd2 Qa1+ 31.Kg2 Ne7 32.Ne5+ Kf6 33.Ng4+ Kf7 34.Nxh6+
Kg7 35.Ng4 Nf5 36.Qd7+ Kf8 37.Qd8+ Kg7 38.Qd7+ Kf8 39.Qd8+ Kg7 40.Qd7+ Kf8
1/2-1/2

[Event "N3"]
[Site "?"]
[Date "2003.??.??"]
[Round "8"]
[White "Delpech, Frederic"]
[Black "Anton, Gregory"]
[Result "1-0"]
[WhiteElo "2067"]
[BlackElo "2020"]
[EventDate "2003.??.??"]
[Annotator "Condom/Perpignan"]
[PlyCount "29"]

1.e4 b6 2.d4 Bb7 3.Bd3 e6 4.Nf3 Nf6 5.Qe2 d6 6.O-O Be7 7.Nc3 O-O 8.e5 Nfd7
9.Ne4 d5 10.Neg5 g6 11.Qe3 Ba6 12.Nxh7 Kxh7 13.Qh6+ Kg8 14.Ng5 Bxg5 15.
Bxg5 1-0

[Event "N3"]
[Site "?"]
[Date "2003.??.??"]
[Round "8"]
[White "Daragon, Bruno"]
[Black "Alonso, Audrey"]
[Result "1-0"]
[WhiteElo "1900"]
[BlackElo "1210"]
[EventDate "2003.??.??"]
[Annotator "ET/Carcassone"]
[PlyCount "47"]

1.c4 Nf6 2.Nc3 e5 3.Nf3 Nc6 4.e4 Bc5 5.Nxe5 Qe7 6.Nxc6 dxc6 7.f3 O-O 8.d4 
Bb4 9.Bd3 c5 10.d5 Rd8 11.O-O c6 12.Bg5 h6 13.Bh4 Qd6 14.Qc2 Qe5 15.Bg3 
Qg5 16.e5 Nh5 17.Ne4 Qe7 18.Nd6 Nxg3 19.hxg3 Rxd6 20.exd6 Qxd6 21.Rad1 Bd7
22.dxc6 Qd4+ 23.Kh2 Qf6 24.Bh7+ 1-0

[Event "N3"]
[Site "?"]
[Date "2003.??.??"]
[Round "8"]
[White "Daloz, Jean-Michel"]
[Black "Guerin, Gilles"]
[Result "0-1"]
[WhiteElo "2183"]
[BlackElo "2206"]
[EventDate "2003.??.??"]
[Annotator "Tournefeuille/Montpellier"]
[PlyCount "82"]

1.c4 Nf6 2.Nc3 d6 3.g3 e5 4.Bg2 Be7 5.e3 h5 6.Nf3 c6 7.d4 e4 8.Nd2 d5 9.
Qa4 Nbd7 10.cxd5 Nb6 11.Qb3 cxd5 12.f3 exf3 13.Nxf3 Bd6 14.O-O Be6 15.Nh4 
g6 16.a4 Be7 17.a5 Nc4 18.Qa4+ Qd7 19.Rxf6 Bxf6 20.Nxd5 Bxd5 21.Bxd5 Qxa4 
22.Rxa4 Nd6 23.a6 Rc8 24.Bd2 b5 25.Ra1 Nc4 26.Bc1 Bg5 27.Bb7 Rc7 28.Ng2 
O-O 29.b3 Nd6 30.Ba3 Rd8 31.Bc5 Nxb7 32.axb7 Rxb7 33.Rxa7 Rxa7 34.Bxa7 Ra8
35.Bc5 Ra2 36.Nf4 Bxf4 37.gxf4 f5 38.h3 Kf7 39.d5 Rc2 40.Bd4 Ke7 41.Be5 
Re2 0-1

[Event "N3"]
[Site "?"]
[Date "2003.??.??"]
[Round "8"]
[White "Chassy, Philippe"]
[Black "Nivat, Alain"]
[Result "0-1"]
[WhiteElo "2121"]
[BlackElo "2030"]
[EventDate "2003.??.??"]
[Annotator "CEIT/Cahors"]
[PlyCount "60"]

1.d4 Nf6 2.c4 e6 3.Nc3 Bb4 4.Qb3 Bxc3+ 5.Qxc3 b6 6.Qf3 Nc6 7.e3 Bb7 8.Qe2 
O-O 9.Nf3 Ne4 10.Nd2 Nb4 11.Nxe4 Bxe4 12.f3 Bd3 13.Qd2 Nc2+ 14.Kd1 Bg6 15.
e4 Nxa1 16.h4 f5 17.h5 Be8 18.exf5 Rxf5 19.h6 Rh5 20.Rg1 Bg6 21.Bd3 Qh4 
22.Bxg6 hxg6 23.h7+ Kxh7 24.Qc3 Qg3 25.Be3 Rh2 26.Qd2 Rf8 27.Kc1 Qh4 28.
Qd1 Qg3 29.Qf1 Nc2 30.Kxc2 Rxf3 0-1

[Event "N3"]
[Site "?"]
[Date "2003.??.??"]
[Round "8"]
[White "Casella, Laurent"]
[Black "Serra, Laurent"]
[Result "1/2-1/2"]
[WhiteElo "2010"]
[BlackElo "1830"]
[EventDate "2003.??.??"]
[Annotator "Tournefeuille/Montpellier"]
[PlyCount "44"]

1.e4 e5 2.d4 exd4 3.Qxd4 Nc6 4.Qe3 Bb4+ 5.Nc3 d6 6.Bd2 Nge7 7.O-O-O O-O 8.
f4 Re8 9.Bd3 Bg4 10.Nf3 Bc5 11.Qe1 Nd4 12.Qg3 Qd7 13.f5 Bxf3 14.gxf3 f6 
15.h4 Nec6 16.Nd5 Kh8 17.f4 Ne7 18.Ne3 d5 19.Rhg1 Rg8 20.Kb1 dxe4 21.Bc4 
Nexf5 22.Qh3 Rgd8 1/2-1/2

[Event "N3"]
[Site "?"]
[Date "2003.??.??"]
[Round "8"]
[White "Canivet, Christophe"]
[Black "Camacho, Philippe"]
[Result "0-1"]
[WhiteElo "1800"]
[BlackElo "1940"]
[EventDate "2003.??.??"]
[Annotator "Cahors/CEIT"]
[PlyCount "134"]

1.e4 c6 2.d4 d5 3.e5 Bf5 4.Bd3 Bxd3 5.Qxd3 e6 6.Nf3 Qa5+ 7.Bd2 Qa6 8.Qxa6 
Nxa6 9.c3 c5 10.O-O Ne7 11.Be3 Nc6 12.Nbd2 cxd4 13.Bxd4 Nxd4 14.Nxd4 Bc5 
15.N2b3 Be7 16.f4 Nc5 17.f5 Kd7 18.Nxc5+ Bxc5 19.fxe6+ fxe6 20.Rf7+ Be7 
21.Rxg7 Rag8 22.Rf7 Rg5 23.Nf3 Rg4 24.h3 Rg6 25.Rd1 Rhg8 26.Rd2 h6 27.Rh7 
Ke8 28.Nd4 Rg3 29.Rxh6 Bg5 30.Rxe6+ Kd7 31.Rd6+ Kc8 32.Re2 Be3+ 33.Kf1 
Rxh3 34.Rxe3 Rxe3 35.Rxd5 Reg3 36.Nf5 Rf8 37.e6 Re3 38.Rc5+ Kb8 39.Kg1 
Rxe6 40.Nd4 Re1+ 41.Kh2 Rh8+ 42.Kg3 Rf1 43.Rg5 Rb1 44.b3 Rc1 45.c4 Rd8 46.
Ne6 Re8 47.Nc5 b6 48.Na6+ Kb7 49.Nb4 Re7 50.Rg6 Ra1 51.Kg4 a5 52.Nd5 Re2 
53.Rxb6+ Ka7 54.Kf3 Raxa2 55.Rb5 Rf2+ 56.Ke3 Rxg2 57.Kd4 Rg3 58.Kc5 Ra3 
59.b4 axb4 60.Nxb4 Rg5+ 61.Nd5 Ra4 62.Rb1 Rg4 63.Rc1 Ra5+ 64.Kb4 Rxd5 65.
Rh1 Rd7 66.Kb5 Rb7+ 67.Ka5 Rg6 0-1

[Event "N3"]
[Site "?"]
[Date "2003.??.??"]
[Round "8"]
[White "Bony, Regis"]
[Black "Brethes, Francois"]
[Result "0-1"]
[WhiteElo "1850"]
[BlackElo "2074"]
[EventDate "2003.??.??"]
[Annotator "Cahors/CEIT"]
[PlyCount "72"]

1.d4 d5 2.Nf3 Nf6 3.c4 e6 4.Nc3 c6 5.Bg5 Nbd7 6.e4 dxe4 7.Nxe4 Qb6 8.Nxf6+
Nxf6 9.Bd3 Qxb2 10.O-O Be7 11.Re1 O-O 12.Ne5 h6 13.Be3 c5 14.Re2 Qb6 15.
Qd2 Qb4 16.Qc1 cxd4 17.Bxh6 Qc3 18.Rc2 Ba3 19.Qd1 Qa5 20.Ng4 Be7 21.Rb1 a6
22.Bd2 Qc7 23.Nxf6+ Bxf6 24.Bb4 Re8 25.Qe1 a5 26.Ba3 g6 27.c5 Bd7 28.Qe2 
e5 29.Qf3 Qd8 30.Rxb7 e4 31.Rxd7 Qxd7 32.Bxe4 Rxe4 33.Qxe4 Re8 34.Qxe8+ 
Qxe8 35.Kf1 Qb5+ 36.Ke1 d3 0-1